A survey of matrix theory and matrix inequalities /

Guardado en:
Autor Principal: Marcus, Marvin, 1927-
Otros Autores: Minc, Henryk.
Formato: Libro
Idioma:English
Publicado: Boston : Allyn and Bacon, 1964.
Series:Allyn and Bacon series in advanced mathematics
Materias:
Etiquetas: Agregar Etiqueta
Sin Etiquetas, Sea el primero en etiquetar este registro!
LEADER 00808cam a22002415a 4500
001 MAT.inmabb005064
008 840522s1964####mau######b####001#0#eng##
005 20130307105547.0
245 1 2 |a A survey of matrix theory and matrix inequalities /  |c Marvin Marcus, Henryk Minc. 
260 |a Boston :  |b Allyn and Bacon,  |c 1964. 
300 |a xvi, 180 p. ;  |c 24 cm. 
440 0 |a Allyn and Bacon series in advanced mathematics 
504 |a Incluye referencias bibliográficas e índice. 
510 4 |a MR,  |c 29 #112 
100 1 |a Marcus, Marvin,  |d 1927- 
700 1 |a Minc, Henryk. 
246 3 0 |a Matrix theory and matrix inequalitites 
650 0 |a Matrices. 
650 0 |a Matrix inequalities. 
084 |a 15-01  |2 msc2000 
010 |a  64014269  
040 |a DLC/ICU  |c ICU  |d DLC 
859 |h 15  |i M322  |p A-2562  |b BIB. MATEMATICA